00397 2200157 4500001002100000008004100021035002000062245003700082100001600119260002600135300002200161020002200183084001400205082000800219990001200227INLIS000000000002876 IND  a0010-0925000223 aBest Friend ForevercAster Putih aAster Putih aJakartabNuansac2017 a204c(14 x 21 cm) a978-602-6409-27-0 a813 AST c a813 a0755098